| 000 | 00719nam a2200217 i 4500 | ||
|---|---|---|---|
| 001 | 76715 | ||
| 003 | ES-MaACL | ||
| 005 | 20230906172930.0 | ||
| 007 | t| | ||
| 008 | 041004s1954 sp ||||1| spa d | ||
| 100 | 1 |
_aGuibaut, André. _960633 |
|
| 245 | 1 | 0 |
_aHombres en el Tibet _b: segunda expedición Guibaut-Liotard al Tibet / _cAndré Guibaut ; [traducción de Juan Manuel Antem]. |
| 260 |
_aBarcelona : _bHispano Europea, _c[1954] ( _fImp. Moderna) |
||
| 300 |
_a252 p., 16 lám. ; _c20 cm. |
||
| 490 | 1 | _aHerakles | |
| 651 | 7 |
_aTíbet- _xDescripción _2 _9158287 |
|
| 700 | 1 |
_aAntem, Juan Manuel. _921873 |
|
| 830 | 0 |
_aHerakles _9180867 |
|
| 852 |
_aES-MaACL _jC-11378 _bR.37621 |
||
| 999 |
_c76715 _d76715 |
||